[Event "SZCZYRK OPEN - TURNIEJ Z OKAZJI SWIETA NIEPODLEGLOSCI - BLITZ 3'+2'' "]
[Site "Szczyrk"]
[Date "2018-11-11"]
[Round "6.1"]
[White "Warakomski, Tomasz "]
[Black "Drozdzal, Michal "]
[Result "1-0"]
[WhiteTitle ""]
[BlackTitle ""]
[WhiteElo "2572"]
[BlackElo "1375"]

1. e4 c5 2. Nf3 Nc6 3. Bb5 e6 4. Bxc6 bxc6 5. d3 d5 6. c4 dxc4 7. dxc4 Qxd1+ 8.
Kxd1 Ba6 9. b3 Nf6 10. Nc3 Rd8+ 11. Ke2 Bd6 12. e5 Bc7 13. exf6 gxf6 14. Be3 Ba5
15. Ne4 f5 16. Nxc5 Bc8 17. Bg5 Rd6 18. Rad1 Rxd1 19. Rxd1 Rg8 20. h4 h6 21. Bxh6
Rxg2 22. Bg5 Rg4 23. Ne5 Rg2 24. Kf3 Rh2 25. Kg3 Rxf2 26. Kxf2 Bb6 27. Kf3 Kf8
28. Bf6 Kg8 29. h5 Bxc5 30. Rd8+ Kh7 31. Rh8# 1-0

[Event "SZCZYRK OPEN - TURNIEJ Z OKAZJI SWIETA NIEPODLEGLOSCI - BLITZ 3'+2'' "]
[Site "Szczyrk"]
[Date "2018-11-11"]
[Round "6.2"]
[White "Turowski, Maciej "]
[Black "Plichta, Kamil "]
[Result "0-1"]
[WhiteTitle ""]
[BlackTitle ""]
[WhiteElo "1322"]
[BlackElo "2388"]

1. d4 Nf6 2. Bg5 c5 3. Bxf6 gxf6 4. Nf3 cxd4 5. Nxd4 d5 6. Nd2 e5 7. N4f3 Nc6 8.
Nb3 a5 9. g3 a4 10. Nbd2 e4 11. Nh4 a3 12. b3 Bc5 13. Bg2 e3 14. fxe3 Bxe3 15.
Ndf3 d4 16. Nd2 Ne5 17. Nhf3 h5 18. Nxe5 fxe5 19. Nc4 Bg5 20. O-O h4 21. Nxe5
Be3+ 22. Rf2 hxg3 23. hxg3 Qg5 24. Nxf7 Qxg3 25. Nd6+ 0-1

[Event "SZCZYRK OPEN - TURNIEJ Z OKAZJI SWIETA NIEPODLEGLOSCI - BLITZ 3'+2'' "]
[Site "Szczyrk"]
[Date "2018-11-11"]
[Round "6.3"]
[White "Jaroch, Karol"]
[Black "Chylewski, Patryk"]
[Result "1-0"]
[WhiteTitle ""]
[BlackTitle ""]
[WhiteElo "2311"]
[BlackElo "2097"]

1. c4 e6 2. Nc3 d5 3. g3 Nf6 4. Nf3 dxc4 5. Bg2 c5 6. Qa4+ Bd7 7. Qxc4 Bc6 8. O-O
Be7 9. d3 O-O 10. a3 a6 11. Bf4 b5 12. Qb3 Nbd7 13. Rfd1 Qb6 14. Rac1 Qb7 15.
e4 Rfd8 16. h3 Rac8 17. Nh2 Nb6 18. Qc2 b4 19. Ne2 bxa3 20. b3 Bb5 21. Nc3 Bc6
22. Ra1 Rd7 23. Nf3 Rdd8 24. Nd2 Qd7 25. Nc4 Nxc4 26. bxc4 Nh5 27. Be3 Qc7 28.
Rxa3 Bb7 29. Rb1 Nf6 30. Rxb7 Qxb7 31. e5 Qb6 32. exf6 Bxf6 33. Ne4 Be7 34. Rb3
Qc7 35. Qa2 a5 36. Bf1 Rb8 37. Rb5 Rxb5 38. cxb5 Qb6 39. Qa4 f5 40. Nc3 Bf6 41.
Qc4 Bxc3 42. Qxc3 Qxb5 43. Qe5 Qc6 44. Bxc5 Qd5 45. Qc7 a4 46. d4 a3 47. Bxa3
Qxd4 48. Be7 Rd7 49. Qc8+ Kf7 50. Qf8+ Kg6 51. Qe8+ Kh6 52. Be2 Qa1+ 53. Kg2 Qd4
54. Qh5# 1-0

[Event "SZCZYRK OPEN - TURNIEJ Z OKAZJI SWIETA NIEPODLEGLOSCI - BLITZ 3'+2'' "]
[Site "Szczyrk"]
[Date "2018-11-11"]
[Round "6.4"]
[White "Marczak, Szymon"]
[Black "Piotrowski, Przemyslaw "]
[Result "1-0"]
[WhiteTitle ""]
[BlackTitle ""]
[WhiteElo "1880"]
[BlackElo "2287"]

1. b3 a5 2. Bb2 a4 3. e4 e6 4. d4 d5 5. exd5 exd5 6. Bd3 Nf6 7. Nf3 a3 8. Bc1 Bd6
9. O-O O-O 10. Bg5 h6 11. Bh4 Bg4 12. Nbd2 Nbd7 13. h3 Bh5 14. c4 c6 15. Qc2 Qc7
16. g4 Nxg4 17. hxg4 Bxg4 18. Bf5 Bh5 19. Rfe1 g5 20. Nxg5 hxg5 21. Bxg5 f6 22.
Bh6 Rf7 23. Be6 Bf4 24. Qf5 Bxd2 25. Qxh5 Bxh6 26. Qxf7+ Kh8 27. Bxd7 Rg8+ 28.
Kf1 Qf4 29. Re8 Rxe8 30. Qxe8+ Kg7 31. Re1 1-0

[Event "SZCZYRK OPEN - TURNIEJ Z OKAZJI SWIETA NIEPODLEGLOSCI - BLITZ 3'+2'' "]
[Site "Szczyrk"]
[Date "2018-11-11"]
[Round "6.5"]
[White "Kowalczyk, Rafal "]
[Black "Foltyn, Lukasz "]
[Result "1-0"]
[WhiteTitle ""]
[BlackTitle ""]
[WhiteElo "2286"]
[BlackElo "1854"]

1. e4 c5 2. c3 Qa5 3. a3 Nc6 4. d4 cxd4 5. b4 Qc7 6. cxd4 d6 7. Bb2 Nf6 8. Nd2
Bg4 9. f3 Bh5 10. Rc1 Qb6 11. Nc4 Qd8 12. Qa4 Nd7 13. b5 Ncb8 14. b6 Nc6 15. Qb5
Bg6 16. d5 a6 17. Qa4 Nxb6 18. Nxb6 Qxb6 19. dxc6 Qe3+ 20. Be2 b5 21. Qd4 Qxd4
22. Bxd4 Rc8 23. a4 e5 24. Bb6 f5 25. axb5 axb5 26. Bxb5 fxe4 27. c7+ Ke7 28.
Ba6 Bf5 29. fxe4 Be6 30. Bxc8 Bxc8 31. Ne2 g6 32. Nc3 Bh6 33. Nd5+ Kd7 34. Ra1
Rf8 35. Rf1 Bb7 36. Rxf8 Bxf8 37. Nf6+ Kc6 38. Ba5 Bh6 39. Rb1 Kd5 1-0

[Event "SZCZYRK OPEN - TURNIEJ Z OKAZJI SWIETA NIEPODLEGLOSCI - BLITZ 3'+2'' "]
[Site "Szczyrk"]
[Date "2018-11-11"]
[Round "6.6"]
[White "Kaminski, Maciej "]
[Black "Marszalek, Maciej"]
[Result "0-1"]
[WhiteTitle ""]
[BlackTitle ""]
[WhiteElo "1876"]
[BlackElo "2259"]

1. d4 Nf6 2. c4 c5 3. d5 e6 4. Nc3 exd5 5. cxd5 d6 6. e4 g6 7. f4 Bg7 8. Bb5+ Nfd7
9. a4 a6 10. Bd3 O-O 11. Nf3 Re8 12. O-O Nf6 13. Nd2 Ng4 14. Qf3 Bd4+ 15. Kh1
Qh4 16. h3 Nf2+ 17. Kh2 Bg4 18. Qg3 Qxg3+ 19. Kxg3 Nxd3 20. hxg4 Be3 21. Nd1 Bxd2
22. Bxd2 Rxe4 23. Rf3 Nb4 24. Bxb4 Rxb4 25. Nc3 Nd7 26. Rf2 Nf6 27. f5 g5 28.
Kh3 0-1

[Event "SZCZYRK OPEN - TURNIEJ Z OKAZJI SWIETA NIEPODLEGLOSCI - BLITZ 3'+2'' "]
[Site "Szczyrk"]
[Date "2018-11-11"]
[Round "6.7"]
[White "Faron, Rafal "]
[Black "Namyslak, Piotr"]
[Result "1-0"]
[WhiteTitle ""]
[BlackTitle ""]
[WhiteElo "2207"]
[BlackElo "1794"]

1. c4 e5 2. g3 Nf6 3. Bg2 c6 4. Nf3 e4 5. Nd4 d5 6. cxd5 cxd5 7. O-O Nc6 8. Nc2
Be6 9. d3 exd3 10. Qxd3 Bc5 11. Nc3 O-O 12. Bg5 h6 13. Bxf6 Qxf6 14. Qb5 Bb6 15.
Rad1 d4 16. Na4 Rfd8 17. Nxb6 axb6 18. a3 Qf5 19. Bxc6 bxc6 20. Qxf5 Bxf5 21.
Nxd4 Be4 22. f3 c5 23. Nb5 Bc2 24. Rxd8+ Rxd8 25. Kf2 Bb3 26. Ke3 Kf8 27. Nc3
Ke7 28. Rc1 Ke6 29. Ne4 f5 30. Nd2 Bd5 31. Nc4 Bxc4 32. Rxc4 Rd1 33. b4 Ra1 34.
bxc5 bxc5 35. Rxc5 Rxa3+ 36. Kf2 Ra2 37. Rc6+ Kf7 38. h4 Ke7 39. Rb6 Kf7 40. g4
fxg4 41. fxg4 Rc2 42. Kf3 Rc4 43. Rb7+ Kg6 44. Rb6+ Kf7 45. Rb5 Kg6 46. Re5 Kf6
47. Rf5+ Ke7 48. Rf4 Rc3+ 49. e3 Rc1 50. Ra4 Rh1 51. h5 Rg1 52. Kf4 Rf1+ 53. Ke5
Rg1 54. Kf5 Rf1+ 55. Kg6 Re1 56. Kxg7 Rxe3 57. Kxh6 Kf7 58. Kh7 Rg3 59. h6 Kf6
60. Kg8 Rc3 1-0

[Event "SZCZYRK OPEN - TURNIEJ Z OKAZJI SWIETA NIEPODLEGLOSCI - BLITZ 3'+2'' "]
[Site "Szczyrk"]
[Date "2018-11-11"]
[Round "6.8"]
[White "Galuszka, Tomasz "]
[Black "Goluch, Piotr"]
[Result "1-0"]
[WhiteTitle ""]
[BlackTitle ""]
[WhiteElo "1787"]
[BlackElo "2205"]

1. e4 c6 2. d3 d5 3. Nd2 e5 4. Ngf3 Bd6 5. d4 exd4 6. exd5 cxd5 7. Nxd4 Nf6 8.
Be2 O-O 9. O-O Nc6 10. N2f3 Ne4 11. h3 a6 12. c4 dxc4 13. Nxc6 bxc6 14. Bxc4 Qf6
15. Qd4 Qxd4 16. Nxd4 Bb7 17. Nb3 a5 18. f3 Ng3 19. Rd1 Be5 20. Nc5 Bc8 21. Be3
Bf5 22. Bd4 Bf4 23. Nd3 Bh6 24. Kf2 Rad8 25. Ne5 Bf4 26. Bc3 Rde8 27. Re1 Be6
28. Bxe6 Rxe6 29. Nd3 Bc7 30. Rxe6 fxe6 31. Re1 Kf7 32. Ne5+ Bxe5 33. Bxe5 Nf5
34. Rc1 Rc8 35. Rc5 Rd8 36. Ke2 Rd5 37. Rxd5 exd5 38. a4 Ke6 39. Bc7 Nd4+ 40.
Kd3 Nf5 41. Bxa5 c5 42. Be1 Kd6 43. g4 Ne7 44. b4 c4+ 45. Kc3 Nc6 46. Bg3+ Kd7
47. b5 Na5 48. Be5 g6 49. Kb4 Nb7 50. a5 Kc8 51. a6 Nd8 52. Kc5 Nf7 53. Bd4 Ng5
54. b6 Nxf3 55. b7+ Kc7 56. Be3 g5 57. Bf2 Nd2 58. Bg3+ Kd7 59. Kxd5 c3 60. b8=Q
c2 61. Qc7+ Ke8 62. Qxc2 1-0

[Event "SZCZYRK OPEN - TURNIEJ Z OKAZJI SWIETA NIEPODLEGLOSCI - BLITZ 3'+2'' "]
[Site "Szczyrk"]
[Date "2018-11-11"]
[Round "6.9"]
[White "Duda, Lukasz "]
[Black "Jagodzinski, Mariusz "]
[Result "0-1"]
[WhiteTitle ""]
[BlackTitle ""]
[WhiteElo "2201"]
[BlackElo "1797"]

1. e4 c5 2. Nc3 Nc6 3. d3 g6 4. g3 Bg7 5. Be3 Nd4 6. Qd2 e6 7. Nd1 b6 8. c3 Nc6
9. Bg2 d5 10. exd5 exd5 11. c4 Be6 12. Nc3 Nge7 13. cxd5 Nxd5 14. Bh6 O-O 15.
Bxg7 Kxg7 16. Nge2 Qd7 17. O-O Rad8 18. d4 cxd4 19. Nxd4 Nxc3 20. Nxe6+ Qxe6 21.
Qxc3+ Nd4 22. Rad1 Qf6 23. Rd2 Nf3+ 24. Bxf3 Qxc3 25. bxc3 Rxd2 26. a4 Rc2 27.
Re1 Rxc3 28. Bd5 Rc7 29. Kg2 Rd8 30. Bb3 Rd2 31. Re3 Rb2 32. Rf3 f6 33. Re3 h5
34. h4 g5 35. hxg5 fxg5 36. Bd5 Rcc2 37. Rf3 a5 38. Rf7+ Kg6 39. Rf3 Re2 40. Bc6
g4 41. Rf4 Rb4 42. Rf8 Ra2 43. Be8+ Kg7 44. Rf7+ Kg8 45. Rf5 Rbb2 46. Bxh5 Rxa4
47. Rg5+ Kf8 48. Bxg4 b5 49. Bd7 Rab4 50. Re5 a4 51. Re8+ Kf7 52. Ra8 Kf6 53.
Ra6+ Kg5 54. Ra8 Rd2 55. Rg8+ Kf6 56. Bc6 Rbb2 57. Rf8+ Ke7 58. Rf5 a3 59. Bxb5
Rxf2+ 60. Rxf2 Rxf2+ 61. Kxf2 a2 62. Bd3 a1=Q 63. g4 Qd4+ 64. Ke2 Kf6 65. Bf5
Kg5 66. Kf3 Qf4+ 67. Ke2 Qg3 68. Kd2 Kf4 69. Kc2 Qe3 70. Bd3 Qd4 71. Bf5 Qe3 72.
Kb2 Ke5 73. Kc2 Kd4 74. Kd1 Kc3 75. Bd3 Qd2# 0-1

[Event "SZCZYRK OPEN - TURNIEJ Z OKAZJI SWIETA NIEPODLEGLOSCI - BLITZ 3'+2'' "]
[Site "Szczyrk"]
[Date "2018-11-11"]
[Round "6.10"]
[White "Iwanczuk, Krzysztof"]
[Black "Sroka, Janusz"]
[Result "1/2-1/2"]
[WhiteTitle ""]
[BlackTitle ""]
[WhiteElo "1735"]
[BlackElo "2133"]

1. e4 d6 2. d4 Nf6 3. Nc3 Nbd7 4. Nf3 e5 5. g4 Nxg4 6. Rg1 Ngf6 7. Bc4 h6 8. dxe5
dxe5 9. Bxf7+ Kxf7 10. Nxe5+ Ke8 11. Ng6 Rg8 12. e5 Nh7 13. Qh5 Ndf6 14. exf6
Nxf6 15. Qe5+ Be7 16. Nb5 Kf7 17. Bf4 Re8 18. Qxc7 Qxc7 19. Nxc7 Bb4+ 20. Kd1
Rd8+ 21. Kc1 Rb8 22. Nb5 Ra8 23. Nc7 Rb8 24. Nb5 Ra8 25. Nc7 Rb8 26. Nb5 Ra8 1/2-1/2

[Event "SZCZYRK OPEN - TURNIEJ Z OKAZJI SWIETA NIEPODLEGLOSCI - BLITZ 3'+2'' "]
[Site "Szczyrk"]
[Date "2018-11-11"]
[Round "6.11"]
[White "Korbal, Arkadiusz"]
[Black "Polak, Sylwia"]
[Result "1-0"]
[WhiteTitle ""]
[BlackTitle ""]
[WhiteElo "2099"]
[BlackElo "1432"]

1. d4 d5 2. c4 c6 3. Nf3 Nf6 4. g3 e6 5. Bg2 Be7 6. O-O O-O 7. Nc3 Nbd7 8. Qc2
dxc4 9. a4 c5 10. Rd1 Qb6 11. a5 Qb3 12. Qxb3 cxb3 13. a6 Nd5 14. Nxd5 exd5 15.
Ne5 Nxe5 16. dxe5 Rb8 17. Bxd5 b5 18. Bxb3 c4 19. Bc2 Bg4 20. f3 Be6 21. Be3 g6
22. Bxa7 Ra8 1-0

[Event "SZCZYRK OPEN - TURNIEJ Z OKAZJI SWIETA NIEPODLEGLOSCI - BLITZ 3'+2'' "]
[Site "Szczyrk"]
[Date "2018-11-11"]
[Round "6.12"]
[White "Cichon, Michal "]
[Black "Ulrych, Wojciech "]
[Result "1-0"]
[WhiteTitle ""]
[BlackTitle ""]
[WhiteElo "2023"]
[BlackElo "1867"]

1. e4 e6 2. d4 d5 3. exd5 exd5 4. Nf3 Bd6 5. h3 Ne7 6. Bd3 Bf5 7. O-O O-O 8. Bg5
f6 9. Be3 Nbc6 10. a3 Qd7 11. Re1 Be4 12. c4 Nf5 13. c5 Be7 14. b4 a6 15. Nc3
Nxe3 16. fxe3 f5 17. b5 axb5 18. Bxb5 Qe6 19. Bxc6 bxc6 20. Nxe4 fxe4 21. Ne5
Bf6 22. Ng4 Rab8 23. Qc2 Bh4 24. Rf1 Bg3 25. Rxf8+ Rxf8 26. Rf1 Rxf1+ 27. Kxf1
h5 28. Nf2 Qf6 29. a4 Qf8 30. a5 Qa8 31. Qa4 Qf8 32. Qa2 Qa8 33. a6 Qa7 34. Qa4
Qa8 35. a7 Kf7 36. Qa5 Ke6 37. Nd1 Qf8+ 38. Ke2 Qa8 39. Qa6 Kd7 40. Nb2 g5 41.
Nd1 Ke7 42. Nf2 Kd7 43. Nh1 Bh2 44. Nf2 Bg3 45. Nh1 Bh2 46. Nf2 Bg3 47. Nd1 Bh2
48. Nc3 Bg3 49. Nd1 Bh2 50. Qa5 Bg3 51. Qa6 Bh2 52. Nc3 Bg3 53. Na2 Bh2 54. Nb4
Bg3 55. Qxc6+ Qxc6 56. Nxc6 Kxc6 57. a8=Q+ Kb5 58. Qb8+ Kc4 59. Qe8 h4 60. Qg6
Kb5 61. Qxg5 c6 62. Qd8 Bh2 63. Qd7 Bg3 64. Qb7+ Kc4 65. Qxc6 Bh2 66. Qa4+ Kc3
67. c6 Bg1 68. c7 Bxe3 69. c8=Q+ Kb2 70. Qcc2# 1-0

[Event "SZCZYRK OPEN - TURNIEJ Z OKAZJI SWIETA NIEPODLEGLOSCI - BLITZ 3'+2'' "]
[Site "Szczyrk"]
[Date "2018-11-11"]
[Round "6.13"]
[White "Kietrys, Maciej"]
[Black "Dziodzio, Angelika "]
[Result "1-0"]
[WhiteTitle ""]
[BlackTitle ""]
[WhiteElo "1492"]
[BlackElo "2018"]

1. e4 c5 2. Nc3 d6 3. g3 Nc6 4. Bg2 g6 5. d3 Bg7 6. Be3 Rb8 7. Qd2 e6 8. f4 Nge7
9. Nf3 Nd4 10. Bxd4 cxd4 11. Ne2 Nc6 12. c3 e5 13. O-O Qb6 14. cxd4 Nxd4 15. Nfxd4
exd4 16. f5 Be5 17. Nf4 Qd8 18. Nd5 g5 19. Rac1 Bd7 20. Qe2 h5 21. Qd2 f6 22.
Rc2 Bc6 23. Nb4 Rc8 24. Rfc1 Qd7 25. Nxc6 bxc6 26. Qa5 h4 27. g4 h3 28. Bf3 Bf4
29. Rd1 Ke7 30. Rc4 Rb8 31. b3 Rb5 32. Qa3 Kf7 33. Re1 Be5 34. Re2 Rb7 35. Rec2
c5 36. b4 cxb4 37. Rxb4 Rxb4 38. Qxb4 Rc8 39. Qb3+ Kg7 40. Qb2 Rxc2 41. Qxc2 Qb7
42. Kh1 Qb6 43. Kg1 Qc5 44. Qxc5 dxc5 45. Bd1 Kf7 46. Be2 Ke7 47. Bf1 Kd6 48.
Bxh3 Kc6 49. Bf1 Kb5 50. Kf2 Kb4 51. Ke2 Ka3 52. Kd2 Kxa2 53. h3 Kb3 54. Be2 a5
55. Bd1+ Kb4 56. Kc2 a4 57. Be2 a3 58. Kb1 Bc7 59. Ka2 Ba5 60. Bf1 Bc7 61. Be2
Bf4 62. Bf1 Bc1 63. Be2 Kc3 64. Bf1 Bb2 65. h4 gxh4 66. g5 Bc1 67. gxf6 Bh6 68.
f7 h3 69. Bxh3 Kxd3 70. e5 Ke4 71. e6 Bf8 72. f6 d3 73. Bf1 d2 74. Be2 Ke3 75.
Bd1 1-0

[Event "SZCZYRK OPEN - TURNIEJ Z OKAZJI SWIETA NIEPODLEGLOSCI - BLITZ 3'+2'' "]
[Site "Szczyrk"]
[Date "2018-11-11"]
[Round "6.14"]
[White "Karut, Kacper"]
[Black "Michalski, Karol "]
[Result "0-1"]
[WhiteTitle ""]
[BlackTitle ""]
[WhiteElo "1238"]
[BlackElo "2006"]

1. e4 c5 2. Nf3 g6 3. d4 cxd4 4. Nxd4 Bg7 5. c4 Nc6 6. Nc3 Nxd4 7. Be3 Nc6 8. Be2
d6 9. O-O Nf6 10. f3 O-O 11. Qd2 Re8 12. g4 Bd7 13. h4 h5 14. g5 Nh7 15. f4 Qc8
16. Bd3 e6 17. Nb5 Qb8 18. f5 exf5 19. exf5 a6 20. Nc3 Rxe3 21. Qxe3 Bd4 0-1

[Event "SZCZYRK OPEN - TURNIEJ Z OKAZJI SWIETA NIEPODLEGLOSCI - BLITZ 3'+2'' "]
[Site "Szczyrk"]
[Date "2018-11-11"]
[Round "6.15"]
[White "Hampel, Anna "]
[Black "Szydlowska-duda, Marta "]
[Result "0-1"]
[WhiteTitle ""]
[BlackTitle ""]
[WhiteElo "1426"]
[BlackElo "1986"]

1. e4 d5 2. exd5 Qxd5 3. Nc3 Qa5 4. d4 Nf6 5. Bc4 Bg4 6. Nf3 Nc6 7. Bf4 O-O-O 8.
h3 Rxd4 9. Nxd4 Bxd1 10. Nb3 Qf5 11. Bg3 Bxc2 12. O-O Bxb3 13. Bxb3 e6 14. a4
Bb4 15. Nb5 e5 16. Bxf7 Ne4 17. Bc4 Bc5 18. Bd3 Nb4 19. Bb1 Rf8 20. Nc3 Qe6 21.
Bxe4 Bd4 22. Nb5 a6 23. Nxd4 exd4 24. Rae1 Qf6 25. Rc1 c6 26. Rfd1 Qe6 27. Re1
Qf6 28. Rc4 a5 29. Rec1 0-1

[Event "SZCZYRK OPEN - TURNIEJ Z OKAZJI SWIETA NIEPODLEGLOSCI - BLITZ 3'+2'' "]
[Site "Szczyrk"]
[Date "2018-11-11"]
[Round "6.16"]
[White "Krol, Rafal"]
[Black "Demski, Michal "]
[Result "0-1"]
[WhiteTitle ""]
[BlackTitle ""]
[WhiteElo "1926"]
[BlackElo "1762"]

1. Nf3 Nf6 2. c4 c5 3. Nc3 g6 4. g3 Bg7 5. Bg2 O-O 6. O-O Nc6 7. d4 cxd4 8. Nxd4
Nxd4 9. Qxd4 d6 10. e4 Be6 11. Qd3 Rc8 12. b3 b6 13. h3 Nd7 14. Bg5 Nc5 15. Qd2
Qd7 16. Kh2 f5 17. exf5 Rxf5 18. Rae1 Bxc3 19. Qxc3 Rxg5 20. b4 Na4 21. Qd2 Rf5
22. Rxe6 Qxe6 23. Bd5 Rxd5 24. cxd5 Qf6 25. Re1 Nc3 26. Re6 Qf7 27. Qe1 Nxd5 28.
h4 Rc2 29. Kg1 Rxf2 30. h5 Rf6 31. Re4 Rf5 32. hxg6 Qxg6 33. Kg2 Rg5 34. Qf2 Qxe4+
0-1

[Event "SZCZYRK OPEN - TURNIEJ Z OKAZJI SWIETA NIEPODLEGLOSCI - BLITZ 3'+2'' "]
[Site "Szczyrk"]
[Date "2018-11-11"]
[Round "6.17"]
[White "Ignatowski, Nikodem"]
[Black "Para, Tomasz "]
[Result "0-1"]
[WhiteTitle ""]
[BlackTitle ""]
[WhiteElo "1316"]
[BlackElo "1896"]

1. c4 Nf6 2. Nc3 g6 3. g3 Bg7 4. Bg2 O-O 5. e3 d6 6. d4 c6 7. Nge2 e5 8. O-O a6
9. b3 c5 10. d5 Bg4 11. f3 Bd7 12. e4 b5 13. Bg5 b4 14. Nb1 h6 15. Be3 Qc8 16.
Rf2 Bh3 17. Bh1 Ne8 18. Nd2 f5 19. Qe1 Ra7 20. Bg2 Bxg2 21. Kxg2 f4 22. gxf4 exf4
23. Nxf4 Bxa1 24. Qxa1 g5 25. Ne6 Rff7 26. Kh1 Nc7 27. Nxc7 Raxc7 28. Qg1 Rg7
29. Nf1 Nd7 30. Bc1 Ne5 31. Bb2 Rcf7 32. Nd2 Qf8 33. Qd1 g4 34. fxg4 Rxf2 35.
Bc1 Nf3 36. Nf1 Nd4 37. Ng3 Qf3+ 38. Kg1 Qxd1+ 39. Kxf2 Qxc1 40. Nf5 Nxf5 41.
exf5 Qf4+ 42. Kg2 Qxg4+ 0-1

[Event "SZCZYRK OPEN - TURNIEJ Z OKAZJI SWIETA NIEPODLEGLOSCI - BLITZ 3'+2'' "]
[Site "Szczyrk"]
[Date "2018-11-11"]
[Round "6.18"]
[White "Lesniak, Grzegorz"]
[Black "Krupinski, Mikolaj "]
[Result "0-1"]
[WhiteTitle ""]
[BlackTitle ""]
[WhiteElo "1849"]
[BlackElo "1414"]

1. f4 d5 2. Nf3 c5 3. e3 Nc6 4. d4 cxd4 5. exd4 Nf6 6. c3 Bf5 7. Bd3 Bxd3 8. Qxd3
e6 9. O-O Be7 10. Be3 O-O 11. Nbd2 Qc7 12. Ne5 Rac8 13. Rf3 Nd7 14. Nxc6 bxc6
15. f5 Nf6 16. fxe6 fxe6 17. Raf1 Bd6 18. h3 e5 19. dxe5 Bxe5 20. Bg5 h6 21. Bxf6
Rxf6 22. Rxf6 Bxf6 23. Qg6 Rf8 24. b3 Qd6 25. Qd3 Qc5+ 26. Kh1 Qxc3 27. Qxc3 Bxc3
28. Rxf8+ Kxf8 29. Nf3 d4 30. Ne5 Ke7 31. Kg1 Kd6 32. Nd3 Kd5 33. Kf1 g5 34. Ke2
c5 35. g4 a6 36. Kf3 c4 37. bxc4+ Kxc4 38. Ke2 a5 39. Nc1 Kb4 40. Kd3 Ka3 41.
Kc2 Bb4 42. Kb1 Bd6 43. Nd3 a4 44. Nc1 Kb4 45. Kc2 Bf8 46. Nd3+ Ka3 47. Nc1 Bg7
48. Kb1 Kb4 49. Kc2 Kc4 50. a3 Bf8 51. Kb2 Kd5 52. Nd3 Ke4 53. Nb4 Kf3 54. Kc2
Kg3 55. Kd3 Bxb4 56. axb4 a3 57. Kc2 d3+ 58. Kxd3 a2 0-1

[Event "SZCZYRK OPEN - TURNIEJ Z OKAZJI SWIETA NIEPODLEGLOSCI - BLITZ 3'+2'' "]
[Site "Szczyrk"]
[Date "2018-11-11"]
[Round "6.19"]
[White "Krzywicki, Michal"]
[Black "Drozniak, Stanislaw"]
[Result "0-1"]
[WhiteTitle ""]
[BlackTitle ""]
[WhiteElo "1306"]
[BlackElo "1799"]

1. Nf3 b6 2. g3 Bb7 3. Bg2 e6 4. b3 f5 5. Bb2 Nf6 6. O-O Be7 7. c4 O-O 8. d4 d6
9. Nbd2 Ne4 10. Rc1 Qe8 11. Nxe4 Bxe4 12. Nd2 Bxg2 13. Kxg2 Nd7 14. Nf3 Nf6 15.
Qc2 Ne4 16. Nd2 Qg6 17. f3 Nf6 18. e4 fxe4 19. Nxe4 Nh5 20. Qe2 Nf4+ 0-1

[Event "SZCZYRK OPEN - TURNIEJ Z OKAZJI SWIETA NIEPODLEGLOSCI - BLITZ 3'+2'' "]
[Site "Szczyrk"]
[Date "2018-11-11"]
[Round "6.20"]
[White "Dytman, Radoslaw "]
[Black "Zabrzanska, Weronika "]
[Result "1/2-1/2"]
[WhiteTitle ""]
[BlackTitle ""]
[WhiteElo "1786"]
[BlackElo "1344"]

1. e4 e5 2. Nf3 Nc6 3. c3 Nf6 4. d4 exd4 5. e5 Nd5 6. cxd4 d6 7. Bb5 Bd7 8. O-O
dxe5 9. Bxc6 bxc6 10. Nxe5 Be7 11. Nc3 O-O 12. Re1 Bd6 13. Qf3 Bxe5 14. Rxe5 Be6
15. Bf4 Rb8 16. Na4 Qf6 17. Bd2 Qxf3 18. gxf3 Rfd8 19. Bc3 Nxc3 20. bxc3 Bd5 21.
Kg2 Rd6 22. Re3 Rg6+ 23. Kh1 Rf6 24. Kg2 Rg6+ 25. Kh1 Rf6 26. Kg2 Rg6+ 1/2-1/2

[Event "SZCZYRK OPEN - TURNIEJ Z OKAZJI SWIETA NIEPODLEGLOSCI - BLITZ 3'+2'' "]
[Site "Szczyrk"]
[Date "2018-11-11"]
[Round "6.21"]
[White "Temel, Jan "]
[Black "Sprzeczka, Emilia"]
[Result "1-0"]
[WhiteTitle ""]
[BlackTitle ""]
[WhiteElo "1762"]
[BlackElo "1107"]

1. c4 e5 2. Nc3 Nf6 3. Nf3 Nc6 4. g3 d5 5. cxd5 Nxd5 6. Bg2 Bf5 7. Nxe5 Nxe5 8.
Bxd5 c6 9. Bb3 Bb4 10. O-O O-O 11. d3 Bh3 12. Re1 Qf6 13. Bd2 Bxc3 14. Bxc3 Qf5
15. Qd2 Ng4 16. f3 Nf6 17. Kh1 Rfe8 18. Qf4 Qxf4 19. gxf4 Nd5 20. Bd2 Rad8 21.
e4 Nf6 22. Re3 c5 23. Bc3 b5 24. Rg1 Rd6 25. e5 Rc6 26. e6 fxe6 27. Bxf6 Rc7 28.
Be5 Rf7 29. Rc1 Rc8 30. a4 Re7 31. Bd6 Ree8 32. Bxc5 Bf5 33. d4 bxa4 34. Bxa4
Red8 35. Rg1 a6 36. Bb3 Re8 37. Re5 Kh8 38. d5 Rxc5 39. dxe6 Rxe5 40. fxe5 Bxe6
41. Ba4 Rb8 42. Rd1 h6 43. Rd6 Bc4 44. b3 Bb5 45. e6 Bxa4 46. bxa4 Re8 47. Rxa6
Kh7 48. a5 Kg6 49. Kg2 Kf6 50. Kg3 g5 51. Kg4 Ke5 52. Rb6 Rxe6 53. Rxe6+ Kd4 54.
Kg3 1-0

[Event "SZCZYRK OPEN - TURNIEJ Z OKAZJI SWIETA NIEPODLEGLOSCI - BLITZ 3'+2'' "]
[Site "Szczyrk"]
[Date "2018-11-11"]
[Round "6.22"]
[White "Fic, Wieslaw "]
[Black "Labedz, Dawid"]
[Result "0-1"]
[WhiteTitle ""]
[BlackTitle ""]
[WhiteElo "1759"]
[BlackElo "1395"]

1. e4 c5 2. Nc3 Nc6 3. f4 g6 4. Bb5 Bg7 5. Nf3 Nd4 6. O-O Nxb5 7. Nxb5 a6 8. Nc3
e6 9. f5 exf5 10. exf5 Ne7 11. Qe1 O-O 12. fxg6 fxg6 13. d3 d6 14. Bg5 Bf6 15.
Qh4 Nf5 16. Qc4+ Kg7 17. Bxf6+ Qxf6 18. Nd5 Qf7 19. Ng5 Qg8 20. Qc3+ Nd4 0-1

[Event "SZCZYRK OPEN - TURNIEJ Z OKAZJI SWIETA NIEPODLEGLOSCI - BLITZ 3'+2'' "]
[Site "Szczyrk"]
[Date "2018-11-11"]
[Round "6.23"]
[White "Pisarek, Jan "]
[Black "Hasinski, Krystian "]
[Result "1-0"]
[WhiteTitle ""]
[BlackTitle ""]
[WhiteElo "1256"]
[BlackElo "1742"]

1. e4 c6 2. d4 d5 3. Nc3 dxe4 4. Nxe4 Bf5 5. Ng3 Bg6 6. h4 h6 7. Nf3 Nf6 8. h5
Bh7 9. Bd3 Bxd3 10. Qxd3 e6 11. c4 Nbd7 12. Bd2 Qc7 13. Bc3 c5 14. O-O-O cxd4
15. Nxd4 a6 16. Nb3 Rc8 17. Kb1 Qxc4 18. Bxf6 Qxd3+ 19. Rxd3 Nxf6 20. Rhd1 Be7
21. f3 O-O 22. Ne4 Rfd8 23. Nxf6+ Bxf6 24. g4 Rxd3 25. Rxd3 Kf8 26. Rd7 b5 27.
Rd6 Ra8 28. Nc5 a5 29. Rb6 b4 30. Nd7+ Ke8 31. Nxf6+ gxf6 32. Rb5 Ke7 33. Kc2
Ra7 34. Kd2 Kd6 35. a3 bxa3 36. bxa3 e5 37. a4 Ke6 38. Ke3 Ra8 39. Ke4 Ra6 40.
f4 exf4 41. Kxf4 Ra7 42. Rb6+ Kd5 43. Rxf6 Kc4 44. Rxh6 Kb4 45. Rf6 Kxa4 46. h6
Kb5 47. h7 Ra8 48. Rxf7 Rh8 49. g5 a4 50. g6 a3 51. Ra7 Kb4 52. Kg5 Kb3 53. Kh6
Rb8 54. Rxa3+ Kxa3 55. g7 Rb6+ 56. Kg5 Rb5+ 57. Kf4 Rb4+ 58. Ke5 Rb5+ 59. Kd6
Rb6+ 60. Kc7 1-0

[Event "SZCZYRK OPEN - TURNIEJ Z OKAZJI SWIETA NIEPODLEGLOSCI - BLITZ 3'+2'' "]
[Site "Szczyrk"]
[Date "2018-11-11"]
[Round "6.25"]
[White "Dylag, Emilia"]
[Black "Laszczuk, Zuzanna"]
[Result "1-0"]
[WhiteTitle ""]
[BlackTitle ""]
[WhiteElo "1668"]
[BlackElo "1332"]

1. d4 d5 2. c4 e6 3. Nc3 Nf6 4. cxd5 exd5 5. Bg5 Bf5 6. Qb3 c6 7. Qxb7 Nbd7 8.
Qxc6 Rc8 9. Qa4 Qb6 10. Qb5 Bb4 11. Qxb6 axb6 12. Bd2 O-O 13. e3 Bg6 14. Be2 Rfe8
15. Nf3 Ba5 16. Rc1 Ne4 17. O-O Nxc3 18. Bxc3 Bxc3 19. bxc3 Be4 20. Nd2 Rc6 21.
Bb5 Rd6 22. Nxe4 Rxe4 23. c4 dxc4 24. Rxc4 Nf6 25. Rc8+ 1-0

[Event "SZCZYRK OPEN - TURNIEJ Z OKAZJI SWIETA NIEPODLEGLOSCI - BLITZ 3'+2'' "]
[Site "Szczyrk"]
[Date "2018-11-11"]
[Round "6.26"]
[White "Wiszniewski, Szymon"]
[Black "Kania, Pawel "]
[Result "1/2-1/2"]
[WhiteTitle ""]
[BlackTitle ""]
[WhiteElo "1395"]
[BlackElo "1644"]

1. e4 d5 2. exd5 Nf6 3. Nc3 Nxd5 4. Nxd5 Qxd5 5. Nf3 Bg4 6. Be2 e5 7. c3 Nc6 8.
O-O O-O-O 9. Qa4 e4 10. Nd4 Bxe2 11. Nxe2 Bd6 12. Ng3 g6 13. Nxe4 Be5 14. f4 Bd4+
15. cxd4 Qxe4 16. Qb3 Nxd4 17. Qxf7 Rhf8 18. Qxh7 Ne2+ 19. Kh1 Ng3+ 20. Kg1 Nxf1
21. Qh3+ Kb8 22. Qf3 Qd4+ 23. Qf2 Qxf4 24. Qxf4 Rxf4 25. d4 Rfxd4 26. Kxf1 Rd1+
27. Ke2 Rh1 28. b3 Re8+ 29. Kf2 Rd8 30. Bb2 Rxa1 31. Bxa1 Rd2+ 32. Kg3 Rxa2 33.
Bf6 c6 34. Be5+ Kc8 35. Kg4 Rxg2+ 36. Kh4 Kd7 37. h3 Ke6 38. Bb8 a5 39. Bc7 a4
40. bxa4 Ra2 41. a5 Kd7 42. Bb6 c5 43. Kg5 c4 44. Kxg6 Kc6 45. h4 c3 46. h5 c2
47. Be3 Rxa5 48. h6 Ra3 49. Bc1 Rh3 50. h7 Kc5 51. Kg7 Kc4 52. h8=Q Rxh8 53. Kxh8
b5 54. Kg7 Kd3 55. Kf6 Ke2 56. Ke5 Kd1 57. Bb2 b4 58. Kd4 b3 59. Kc3 c1=Q+ 60.
Bxc1 1/2-1/2

[Event "SZCZYRK OPEN - TURNIEJ Z OKAZJI SWIETA NIEPODLEGLOSCI - BLITZ 3'+2'' "]
[Site "Szczyrk"]
[Date "2018-11-11"]
[Round "6.27"]
[White "Kukula, Karol"]
[Black "Plichta, Olga"]
[Result "1-0"]
[WhiteTitle ""]
[BlackTitle ""]
[WhiteElo "1644"]
[BlackElo "1300"]

1. e4 c6 2. d4 d5 3. Nc3 dxe4 4. Nxe4 Bf5 5. Ng3 Bg6 6. h4 h5 7. Nf3 e6 8. Ne5
Qf6 9. Bg5 Bxc2 10. Qxc2 Bb4+ 11. Ke2 1-0